000 00397nam a2200157Ia 4500
008 230711s9999||||xx |||||||||||||| ||und||
041 _aENG
082 _a4
_bKA-C
100 _aKahate,Atul
245 0 _aCryptography and networks security
250 _a1st Ed.
260 _c2003
_aNew Delhi
_bTata McGraw Hill Education Limited
300 _a435
650 _aComputer Engineering
942 _cBK
999 _c4611
_d4611